[Event "Women's Speed Chess Q4"]
[Site "chess.com INT"]
[Date "2020.06.21"]
[Round "8"]
[White "Kashlinskaya, Alina"]
[Black "Hejazipour, Mitra"]
[Result "0-1"]
[WhiteTitle "IM"]
[BlackTitle "WGM"]
[WhiteElo "2494"]
[BlackElo "2300"]
[WhiteFideId "4198026"]
[BlackFideId "12505951"]
[EventDate "2020.06.21"]

1. d4 Nf6 2. c4 e6 3. Nf3 b6 4. a3 Bb7 5. Nc3 d5 6. cxd5 Nxd5 7. Qc2 Be7 8. e4
Nxc3 9. bxc3 c5 10. Bd3 Qc7 11. Qb2 O-O 12. O-O Nd7 13. Qe2 Rac8 14. Bd2 Rfd8
15. a4 h6 16. h3 Qd6 17. Rfd1 Qb8 18. a5 Nf6 19. axb6 axb6 20. g3 Nd7 21. Nh2
cxd4 22. cxd4 Bf6 23. Nf3 Be7 24. Bb5 Bd6 25. Kg2 Nf8 26. Bd3 Bc6 27. Rdc1 b5
28. e5 Be7 29. Be4 Qb7 30. Rxc6 Rxc6 31. Rc1 Rdc8 32. Ne1 Qa6 33. Bxc6 Rxc6 34.
Nd3 Rxc1 35. Nxc1 Qc6+ 36. Qf3 Qc2 37. Qd3 Qc6+ 38. Kg1 Nd7 39. Qc3 Qb7 40. Nd3
Nb6 41. Nf4 b4 42. Qb3 Qc6 43. Nd3 Qb5 44. Kh2 Nd5 45. Kg2 Qc6 46. Kh2 g6 47. h4
h5 48. Bg5 Bxg5 49. hxg5 Qb6 50. Qb2 Qb5 51. Qb3 Qc6 52. Kg2 Nf4+ 53. Kh2 Qg2# 0-1

[Event "Women's Speed Chess Q4"]
[Site "chess.com INT"]
[Date "2020.06.21"]
[Round "8"]
[White "Kiseleva, Arina"]
[Black "Golubenko, Valentina"]
[Result "1/2-1/2"]
[WhiteTitle "WCM"]
[BlackTitle "WGM"]
[WhiteElo "2024"]
[BlackElo "2209"]
[WhiteFideId "4164989"]
[BlackFideId "4501993"]
[EventDate "2020.06.21"]

1. d4 Nf6 2. Nf3 e6 3. e3 c5 4. Bd3 cxd4 5. exd4 d5 6. O-O Bd6 7. Re1 O-O 8. Ne5
Nbd7 9. c3 Qc7 10. f4 a6 11. a4 b6 12. Qc2 Bb7 13. Nd2 Rac8 14. Ndf3 Ne4 15. Ng5
Bxe5 16. fxe5 Nxg5 17. Bxg5 h6 18. Bf4 Rfe8 19. Qe2 Nf8 20. Bxa6 Ng6 21. Be3 Ra8
22. Bd3 Bc6 23. Qg4 Rxa4 24. Rxa4 Bxa4 25. Bxg6 fxg6 26. Qxg6 Qf7 27. Qg4 Kh7
28. Rf1 Qg6 29. Qxg6+ Kxg6 30. Ra1 b5 31. Ra3 Rc8 32. Bd2 Bc2 33. g4 Rc6 34. Ra7
Bd3 35. Kf2 Bc4 36. h4 h5 37. gxh5+ Kxh5 38. Rxg7 Kxh4 39. Kf3 Bd3 40. Bf4 Be4+
41. Ke3 Ra6 42. Rb7 Ra1 43. Rxb5 Kg4 44. Bh6 Bf3 45. Rb8 Re1+ 46. Kd2 Re2+ 47.
Kd3 Rh2 48. Rg8+ Kf5 49. Rf8+ Kg4 50. Bc1 Be4+ 51. Ke3 Rh3+ 52. Kd2 Rh2+ 53. Ke3
Rh3+ 54. Kd2 Rh2+ 55. Ke3 1/2-1/2

[Event "Women's Speed Chess Q4"]
[Site "chess.com INT"]
[Date "2020.06.21"]
[Round "8"]
[White "Berend, Elvira"]
[Black "Tarasenka, Aliaksandra"]
[Result "1/2-1/2"]
[WhiteTitle "WGM"]
[BlackTitle "WFM"]
[WhiteElo "2326"]
[BlackElo "2070"]
[WhiteFideId "4000510"]
[BlackFideId "13514288"]
[EventDate "2020.06.21"]

1. d4 f5 2. Nf3 g6 3. c4 Bg7 4. g3 d6 5. Bg2 Nf6 6. d5 O-O 7. O-O e5 8. dxe6 c6
9. Nc3 Bxe6 10. Bf4 Bxc4 11. Bxd6 Re8 12. Ba3 Na6 13. Qc2 b5 14. b3 Bf7 15. Bb2
Nb4 16. Qc1 Nbd5 17. Nxd5 Bxd5 18. Rd1 Rxe2 19. Nd4 Rxb2 20. Qxb2 Ne4 21. Qc2
Qb6 22. Qd3 Rd8 23. Qe3 c5 24. Ne2 Bxa1 25. Rxa1 c4 26. Qxb6 axb6 27. Rd1 Rd7
28. Bxe4 fxe4 29. Nc3 Bc6 30. Rxd7 Bxd7 31. Nxe4 Be6 32. b4 Kf8 33. Nc3 Bd7 34.
f4 Ke7 35. Kf2 Bc6 36. Ke3 Kd6 37. Kd4 h5 38. a3 Ke6 39. h3 Kf5 40. Ke3 Ke6 41.
g4 hxg4 42. hxg4 Kf6 43. Kd4 Ke6 44. a4 bxa4 45. Kxc4 a3 46. Kb3 Bf3 47. f5+
gxf5 48. gxf5+ Kxf5 49. Kxa3 Ke5 50. Ka4 Bc6+ 51. Kb3 Kd4 52. Ne2+ Kd3 53. Nf4+
Kd4 54. Ne6+ Ke5 55. Nc7 Kd6 56. Na6 Bb7 57. b5 Bd5+ 58. Kb4 Bb7 59. Kc4 Kd7 60.
Nb4 Kd6 61. Kd4 Bf3 62. Nc2 Bb7 63. Ne3 Kd7 64. Nc4 Bg2 65. Nxb6+ Kc7 66. Kc5
Kb7 67. Nc4 Bf1 68. Nd6+ Kb8 69. b6 Bg2 70. Nb5 Bh1 71. Nd4 Bg2 72. Nc6+ Kb7 73.
Na5+ Ka6 74. Nc6 Kb7 75. Na5+ Ka6 76. Nc6 Kb7 1/2-1/2

[Event "Women's Speed Chess Q4"]
[Site "chess.com INT"]
[Date "2020.06.21"]
[Round "8"]
[White "Matveeva, Olga"]
[Black "Zhukova, Natalia"]
[Result "0-1"]
[WhiteTitle "WIM"]
[BlackTitle "GM"]
[WhiteElo "2171"]
[BlackElo "2328"]
[WhiteFideId "24107018"]
[BlackFideId "14101513"]
[EventDate "2020.06.21"]

1. d4 Nf6 2. c4 c5 3. d5 b5 4. cxb5 a6 5. bxa6 g6 6. Nc3 Bg7 7. g3 d6 8. Bg2
Nbd7 9. Nf3 Nb6 10. O-O Bxa6 11. Rb1 Bc4 12. Nh4 Bxa2 13. Nxa2 Rxa2 14. b4 c4
15. Bb2 O-O 16. e4 Rxb2 17. Rxb2 Nfxd5 18. Rd2 Nxb4 19. Nf3 Qc7 20. Nd4 Qc5 21.
Nc2 Nd3 22. Rxd3 cxd3 23. Qxd3 Nc4 24. Rb1 Rc8 25. Ne1 Ne5 26. Qe2 Nc6 27. Qa6
Nd4 28. h4 h5 29. Qb7 Bf6 30. Nd3 Qc3 31. Nf4 Rf8 32. Nd5 Qc2 33. Nxf6+ exf6 34.
Qb6 Ne2+ 35. Kh2 Nc3 36. Rf1 Nxe4 37. Bxe4 Qxe4 38. Qxd6 Kg7 39. Rd1 Re8 40. Qd2
Re6 41. Qb2 Qf3 42. Qd2 Re2 43. Qf4 Rxf2+ 44. Kh3 Qxd1 45. Qxf2 Qh1+ 46. Qh2
Qxh2+ 47. Kxh2 g5 48. Kg2 Kg6 49. Kf3 Kf5 50. Ke3 Kg4 51. Kf2 f5 52. hxg5 Kxg5
53. Kf3 f6 54. Ke3 Kg4 55. Kf2 f4 56. gxf4 Kxf4 0-1

[Event "Women's Speed Chess Q4"]
[Site "chess.com INT"]
[Date "2020.06.21"]
[Round "8"]
[White "Babiy, Olga"]
[Black "Shuvalova, Polina"]
[Result "1-0"]
[WhiteTitle "WGM"]
[BlackTitle "WGM"]
[WhiteElo "2228"]
[BlackElo "2454"]
[WhiteFideId "14117258"]
[BlackFideId "24171760"]
[EventDate "2020.06.21"]

1. e4 c6 2. Nf3 d5 3. Nc3 Bg4 4. h3 Bxf3 5. Qxf3 e6 6. d4 Nf6 7. Bg5 Be7 8. e5
Nfd7 9. Bxe7 Qxe7 10. Qg3 g6 11. O-O-O a6 12. f4 c5 13. dxc5 Nc6 14. h4 h5 15.
Bd3 Nxc5 16. Qf2 O-O-O 17. Kb1 Kb8 18. Ne2 Rc8 19. Nd4 Nxd4 20. Qxd4 Rc6 21. c3
Rhc8 22. Bc2 Nd7 23. Qe3 Rc4 24. Rd4 Qc5 25. Rhd1 Qb6 26. Bb3 Rxd4 27. Qxd4 Qd8
28. Bxd5 exd5 29. Qxd5 Rc7 30. Qxf7 Qf8 31. Qxg6 Nc5 32. f5 Rg7 33. Qb6 Nd7 34.
Qf2 Nxe5 35. Qf4 Qf6 36. Rd5 Re7 37. Qg5 Qxg5 38. hxg5 Ng4 39. Rd8+ Kc7 40. Rh8
Re1+ 41. Kc2 Re2+ 42. Kd3 Rxg2 43. Rxh5 Rg3+ 44. Ke4 Nf2+ 45. Kf4 Rg2 46. Rh7+
Kc6 47. g6 Nd3+ 48. Ke4 Nc5+ 49. Kf3 Rg1 50. Kf2 Rg5 51. Rf7 Ne4+ 52. Kf3 Nd6
53. Rf6 Rxf5+ 54. Rxf5 Nxf5 55. Kf4 Ng7 56. Ke5 Kd7 57. Kf6 Nh5+ 58. Kg5 1-0

[Event "Women's Speed Chess Q4"]
[Site "chess.com INT"]
[Date "2020.06.21"]
[Round "8"]
[White "Golubeva, Oksana"]
[Black "Andriasyan, Siranush"]
[Result "1-0"]
[WhiteTitle "WFM"]
[BlackTitle "WIM"]
[WhiteElo "2179"]
[BlackElo "2298"]
[WhiteFideId "4170164"]
[BlackFideId "13301926"]
[EventDate "2020.06.21"]

1. Nf3 Nf6 2. g3 d5 3. d3 c6 4. h3 h6 5. Bg2 Bf5 6. Nbd2 e6 7. O-O Be7 8. c4 O-O
9. b3 d4 10. Nh4 Bh7 11. f4 Nh5 12. Nhf3 Nxg3 13. Rf2 c5 14. Ne5 Qc7 15. Kh2 Nf5
16. Nf1 Nc6 17. Kh1 Nxe5 18. fxe5 Qxe5 19. Bf4 Qf6 20. Bxb7 Qh4 21. Qe1 Qxh3+
22. Rh2 Qg4 23. Qf2 Bh4 24. Qf3 Qxf3+ 25. Bxf3 Rac8 26. Nd2 g5 27. Rg1 Kh8 28.
Be4 f6 29. Nf3 gxf4 30. Bxf5 Bxf5 31. Rxh4 Rc7 32. Rxf4 Rg7 33. Rh4 Rxg1+ 34.
Kxg1 Rg8+ 35. Kf2 Kh7 36. Ne1 Rg4 37. Rh2 Kg6 38. Nf3 h5 39. Nh4+ Kg5 40. Nf3+
Kh6 41. Nh4 Bh7 42. Nf3 e5 43. a3 e4 44. dxe4 Bxe4 45. Nd2 f5 46. b4 cxb4 47.
axb4 Rf4+ 48. Ke1 Rg4 49. Kf2 Kg5 50. b5 Kf4 51. c5 h4 52. c6 d3 53. exd3 Bxd3
54. c7 Rg8 55. Rxh4+ Kg5 56. Rd4 Bxb5 57. Rd8 Be8 58. c8=Q 1-0

[Event "Women's Speed Chess Q4"]
[Site "chess.com INT"]
[Date "2020.06.21"]
[Round "8"]
[White "Stefanova, Antoaneta"]
[Black "Mammadova, Gulnar"]
[Result "1/2-1/2"]
[WhiteTitle "GM"]
[BlackTitle "IM"]
[WhiteElo "2462"]
[BlackElo "2382"]
[WhiteFideId "2902257"]
[BlackFideId "13403508"]
[EventDate "2020.06.21"]

1. d4 e6 2. Nf3 b6 3. e4 Bb7 4. Bd3 g6 5. O-O Bg7 6. c4 Ne7 7. Nc3 O-O 8. d5 e5
9. Ng5 h6 10. Nh3 d6 11. f4 exf4 12. Bxf4 Nd7 13. Qd2 Kh7 14. Kh1 Ne5 15. Be2
Qd7 16. Ng1 f5 17. Nf3 Nxf3 18. Bxf3 g5 19. Be3 f4 20. Bd4 Ng6 21. Bxg7 Qxg7 22.
Nb5 Ne5 23. Nd4 Bc8 24. Nf5 Qf6 25. b4 Bxf5 26. exf5 Nxc4 27. Qc2 Ne3 28. Qxc7+
Rf7 29. Qc6 Nxf1 30. Rxf1 Rg8 31. Bh5 Re7 32. Bg6+ Rxg6 33. fxg6+ Kxg6 34. Qc8
Kg7 35. a4 Qe5 36. Qc6 Kh7 37. h3 Qe2 38. Rf3 g4 39. hxg4 Qd1+ 40. Kh2 Qd4 41.
Qxd6 Re1 42. Qxf4 Qxd5 43. Qf7+ Qxf7 44. Rxf7+ Kg6 45. Rxa7 Re4 46. b5 Rxg4 47.
Ra6 Kh5 48. Kh3 Rb4 49. Rxb6 Rxa4 50. Rb8 Ra3+ 51. g3 Rb3 52. b6 Kg6 53. Kg2 Kg7
54. Kf2 h5 55. b7 Kh7 56. Kg2 Kg7 57. Kh3 Kh7 58. Kh4 Rb5 59. g4 hxg4 60. Kxg4
Kg7 61. Kf4 Rb1 62. Ke4 Kh7 63. Kd4 Rd1+ 64. Kc5 Rc1+ 65. Kd6 Rd1+ 66. Kc7 Rc1+
67. Kd6 Rd1+ 68. Kc5 Rc1+ 69. Kd6 1/2-1/2

[Event "Women's Speed Chess Q4"]
[Site "chess.com INT"]
[Date "2020.06.21"]
[Round "8"]
[White "Mamedjarova, Turkan"]
[Black "Vijayalakshmi, Subbaraman"]
[Result "1-0"]
[WhiteTitle "WGM"]
[BlackTitle "IM"]
[WhiteElo "2309"]
[BlackElo "2332"]
[WhiteFideId "13402005"]
[BlackFideId "5004098"]
[EventDate "2020.06.21"]

1. d4 Nf6 2. c4 e6 3. Nc3 Bb4 4. Qc2 O-O 5. Nf3 d5 6. cxd5 exd5 7. Bg5 Be6 8. e3
h6 9. Bxf6 Qxf6 10. Bd3 Nd7 11. O-O c6 12. e4 dxe4 13. Nxe4 Qf4 14. a3 Be7 15.
Ng3 Nf6 16. Rfe1 Rfe8 17. Bc4 Nd5 18. Re5 Bf6 19. Nh5 Bxe5 20. Nxf4 Bxf4 21. Ne5
Rad8 22. h4 Nb6 23. Bxe6 Rxe6 24. Nf3 Bd6 25. g3 Rde8 26. Rd1 Nd5 27. h5 Nf6 28.
Qf5 R8e7 29. Kg2 Nd5 30. Rd3 Re8 31. Rb3 R8e7 32. Ne5 Bxe5 33. dxe5 Rxe5 34.
Qc8+ Kh7 35. Rxb7 Rxb7 36. Qxb7 Re7 37. Qxc6 Nf6 38. Qc2+ Kg8 39. Qd1 Rb7 40. b4
Kf8 41. Qd6+ Ke8 42. Qc6+ Rd7 43. g4 Kd8 44. f3 Ne8 45. a4 f6 46. b5 Rc7 47.
Qd5+ Ke7 48. a5 Nd6 49. b6 axb6 50. a6 Nc8 51. Qg8 Kd6 52. Qf8+ Kc6 53. Qe8+ Kc5
54. f4 b5 55. Qe3+ Kc6 56. Qd4 Rd7 57. Qe4+ Kb6 58. Qe6+ 1-0

[Event "Women's Speed Chess Q4"]
[Site "chess.com INT"]
[Date "2020.06.21"]
[Round "8"]
[White "Swati, Mohota"]
[Black "Mamedjarova, Zeinab"]
[Result "0-1"]
[WhiteTitle "WFM"]
[BlackTitle "WGM"]
[WhiteElo "2027"]
[BlackElo "2274"]
[WhiteFideId "5006511"]
[BlackFideId "13401521"]
[EventDate "2020.06.21"]

1. d4 d5 2. c4 e6 3. Nc3 Nf6 4. cxd5 exd5 5. Bg5 Be7 6. e3 O-O 7. Bd3 c6 8. Nge2
Re8 9. Qc2 Ne4 10. Bxe7 Qxe7 11. O-O Nd7 12. Rae1 Ndf6 13. f3 Nd6 14. Ng3 g6 15.
e4 dxe4 16. fxe4 Ng4 17. h3 Qh4 18. Rf3 Nf6 19. Ref1 Nd7 20. Qf2 f6 21. Bc2 b5
22. Bb3+ Kh8 23. e5 b4 24. exd6 bxc3 25. bxc3 Ba6 26. Re1 f5 27. Kh2 Rxe1 28.
Qxe1 f4 29. Qe6 fxg3+ 30. Rxg3 Rd8 31. Rf3 Qg5 32. Qe7 Qxe7 33. dxe7 Re8 34. Rf7
c5 35. Be6 Bb5 36. dxc5 Nxc5 37. Rf8+ Kg7 38. Rf7+ Kh6 39. Bd5 Bd7 40. c4 a5 41.
g4 g5 42. Kg3 Kg6 43. Rf2 Be6 44. Be4+ Kg7 45. Bf5 Bxf5 0-1

[Event "Women's Speed Chess Q4"]
[Site "chess.com INT"]
[Date "2020.06.21"]
[Round "8"]
[White "Arakhamia-Grant, Ketevan"]
[Black "Javakhishvili, Lela"]
[Result "1-0"]
[WhiteTitle "GM"]
[BlackTitle "IM"]
[WhiteElo "2380"]
[BlackElo "2475"]
[WhiteFideId "13600168"]
[BlackFideId "13601458"]
[EventDate "2020.06.21"]

1. e4 d6 2. d4 Nf6 3. Nc3 g6 4. Be3 c6 5. Qd2 Nbd7 6. Nf3 Qc7 7. a4 Bg7 8. Bc4
O-O 9. Bh6 d5 10. exd5 Nb6 11. Bd3 cxd5 12. Bxg7 Kxg7 13. O-O Nc4 14. Bxc4 Qxc4
15. Ne5 Qc7 16. Ne2 Ne4 17. Qd1 Bf5 18. f3 Nd6 19. c3 Nc4 20. Nxc4 Qxc4 21. Ng3
Bd7 22. f4 e6 23. Re1 Rae8 24. Nf1 Qc7 25. Qf3 f6 26. Ne3 a5 27. h4 h5 28. g3
Qd6 29. Red1 Rc8 30. Rd2 Rb8 31. Nd1 Bc6 32. Qe3 Rbe8 33. Re2 b5 34. axb5 Bxb5
35. Re1 a4 36. Nf2 Re7 37. Nd3 Rb8 38. Nc5 Bd7 39. Qd2 Ra8 40. Re3 Kf7 41. Rae1
Rae8 42. Kh2 Bc6 43. R3e2 Bd7 44. Qe3 Kg7 45. Qf2 Bc6 46. Ra1 Bb5 47. Re3 e5 48.
fxe5 fxe5 49. Rxe5 Rxe5 50. dxe5 Qxe5 51. Nxa4 Qe2 52. Qxe2 Rxe2+ 53. Kg1 d4 54.
cxd4 Bc6 55. Nc5 Rg2+ 56. Kf1 Rxb2 57. Ra7+ Kf6 58. Ra6 Kf5 59. Rxc6 Rd2 60. Rd6
Rd3 61. Nxd3 Ke4 62. Nf2+ 1-0

[Event "Women's Speed Chess Q4"]
[Site "chess.com INT"]
[Date "2020.06.21"]
[Round "8"]
[White "Sihite, Chelsie Monica Ignesias"]
[Black "Dzagnidze, Nana"]
[Result "0-1"]
[WhiteTitle "WIM"]
[BlackTitle "GM"]
[WhiteElo "2252"]
[BlackElo "2524"]
[WhiteFideId "7101198"]
[BlackFideId "13601903"]
[EventDate "2020.06.21"]

1. c4 e5 2. Nc3 Nc6 3. Nf3 Nf6 4. g3 d5 5. cxd5 Nxd5 6. Bg2 Nb6 7. O-O Be7 8. a4
a6 9. d3 Be6 10. Be3 O-O 11. Nd2 Rb8 12. Nb3 Nd4 13. Bxd4 exd4 14. Ne4 f5 15.
Nec5 Bd5 16. Bxd5+ Qxd5 17. Rc1 Nc8 18. Qc2 Rd8 19. Qc4 c6 20. Ne6 Rd6 21. Nexd4
Qxc4 22. dxc4 g6 23. Rcd1 Bf6 24. c5 Rd5 25. f3 Ne7 26. e4 Rdd8 27. exf5 Nxf5
28. Nxf5 gxf5 29. Kg2 Kf7 30. Na5 Bxb2 31. Rxd8 Rxd8 32. Nxb7 Rd5 33. Rf2 Ba3
34. Rc2 Bb4 35. Rc4 a5 36. Kh3 Kf6 37. Kh4 Rd2 38. h3 Rd3 39. Nd6 Rxf3 40. Rc2
Rd3 41. Rf2 Rd5 42. Ne4+ Ke5 43. Ng5 Bxc5 44. Re2+ Kd4 45. Ne6+ Kd3 46. Rg2 Bd6
47. Ng5 c5 48. Nxh7 c4 49. Nf6 Rd4+ 50. Kg5 c3 51. h4 c2 52. Rg1 Kd2 53. Rg2+
Kd1 54. Rxc2 Kxc2 55. h5 Be5 56. Kxf5 Bxg3 57. h6 Rh4 58. h7 Bf2 59. Kg5 Rh1 60.
Nh5 Bd4 61. Kg6 Rxh5 62. Kxh5 Kb3 63. Kg6 Kxa4 64. Kf5 Kb3 65. Ke4 Bc3 66. Kd3
a4 0-1

[Event "Women's Speed Chess Q4"]
[Site "chess.com INT"]
[Date "2020.06.21"]
[Round "8"]
[White "Kucharska, Honorata"]
[Black "Dwilewicz, Katarzyna"]
[Result "0-1"]
[WhiteTitle "WFM"]
[BlackTitle "WFM"]
[WhiteElo "2113"]
[BlackElo "2120"]
[WhiteFideId "1163868"]
[BlackFideId "1148486"]
[EventDate "2020.06.21"]

1. d4 Nf6 2. Nf3 d5 3. e3 e6 4. Bd3 Bd6 5. O-O O-O 6. b3 c5 7. Bb2 b6 8. Ne5
Nbd7 9. f4 Bb7 10. Nd2 Ne4 11. c4 Rc8 12. Bxe4 dxe4 13. Qe2 f6 14. Nxd7 Qxd7 15.
Rad1 Qf7 16. Nb1 cxd4 17. Bxd4 Rfd8 18. a3 Qg6 19. b4 Ba6 20. b5 Bb7 21. a4 e5
22. fxe5 Bxe5 23. Bxe5 fxe5 24. Nc3 Rd3 25. Nd5 Bxd5 26. cxd5 h6 27. Qa2 Kh7 28.
d6 Qxd6 29. Rde1 Qg6 30. a5 Rcd8 31. Rf2 Qg5 32. Rfe2 Rd1 33. Qa4 Rxe1+ 34. Rxe1
Rd2 35. Qxe4+ Qg6 36. Qxg6+ Kxg6 37. a6 Rb2 38. Rc1 Rxb5 39. Rc7 Rb3 40. Rxa7
Rxe3 41. Rb7 Ra3 42. Rxb6+ Kf5 43. h3 Kf4 44. Kf2 Ra2+ 45. Kf1 e4 46. Rg6 Ke3
47. Kg1 Ra1+ 48. Kh2 Kd2 49. Rd6+ Ke2 50. Kg3 e3 51. Re6 Ra3 52. Kf4 Ra4+ 53.
Kg3 Kd2 54. Kf3 Ra3 55. Rd6+ Ke1 56. Re6 e2+ 57. Kf4 Kf1 58. g4 e1=Q 59. Rxe1+
Kxe1 60. Kf5 Rxa6 61. h4 Kf2 62. g5 hxg5 63. hxg5 Kg3 64. g6 Rf6+ 65. Ke5 Kg4 0-1

[Event "Women's Speed Chess Q4"]
[Site "chess.com INT"]
[Date "2020.06.21"]
[Round "8"]
[White "Havanecz, Bianka"]
[Black "Linares Napoles, Oleiny"]
[Result "0-1"]
[WhiteTitle "WIM"]
[BlackTitle "WGM"]
[WhiteElo "2251"]
[BlackElo "2215"]
[WhiteFideId "704814"]
[BlackFideId "3504794"]
[EventDate "2020.06.21"]

1. d4 Nf6 2. c4 g6 3. Nc3 Bg7 4. e4 d6 5. h3 O-O 6. Be3 Na6 7. Nf3 e5 8. d5 Nd7
9. Nd2 f5 10. exf5 gxf5 11. Nb3 f4 12. Bd2 Nac5 13. Nxc5 Nxc5 14. b4 Nd7 15. Ne4
Nf6 16. Bd3 Nxe4 17. Bxe4 Bf5 18. Qc2 Qf6 19. f3 Qg6 20. Bxf5 Rxf5 21. O-O Raf8
22. Rae1 Qh5 23. Re2 Bf6 24. Be1 Bh4 25. Bxh4 Qxh4 26. c5 Rg5 27. Kh1 Rg6 28.
cxd6 cxd6 29. Qc7 Rf7 30. Qc8+ Kg7 31. Rc1 Kh6 32. Rc7 Rfg7 33. Rxg7 Rxg7 34.
Qe6+ Rg6 35. Qd7 Qg5 36. a4 e4 37. Qg4 e3 38. Kg1 Qe5 39. Qh4+ Kg7 40. Rc2 h5
41. Rc7+ Kh6 42. Re7 Qf5 43. Re8 Rf6 44. g4 fxg3 45. Rxe3 Qb1+ 46. Kg2 Qb2+ 47.
Kxg3 Rg6+ 48. Kf4 Qxb4+ 49. Re4 Qd2+ 50. Kf5 Qxd5+ 51. Kf4 Qd2+ 52. Kf5 Rg5+ 53.
Kf6 Qb2+ 54. Ke6 Qb3+ 55. Kd7 Qf7+ 56. Kxd6 Rg6+ 57. Kc5 Qc7+ 58. Kd4 Qb6+ 59.
Kd3 Rd6+ 60. Ke2 Qb2+ 61. Ke3 Qd2# 0-1

[Event "Women's Speed Chess Q4"]
[Site "chess.com INT"]
[Date "2020.06.21"]
[Round "8"]
[White "Narva, Regina"]
[Black "Zavivaeva, Emilia"]
[Result "0-1"]
[WhiteTitle "WFM"]
[BlackTitle "WCM"]
[WhiteElo "1905"]
[BlackElo "1735"]
[WhiteFideId "4500237"]
[BlackFideId "34127531"]
[EventDate "2020.06.21"]

1. e4 c5 2. Nf3 Nc6 3. Nc3 e6 4. d4 d5 5. exd5 exd5 6. Be2 Nf6 7. O-O cxd4 8.
Nxd4 Be7 9. Bf3 O-O 10. Bg5 Be6 11. Nxe6 fxe6 12. Re1 Qd7 13. Bxf6 Rxf6 14. a3
Rd8 15. Qd3 Bd6 16. Qb5 Nd4 17. Qxd7 Nxf3+ 18. gxf3 Rxd7 19. Kg2 Rg6+ 20. Kf1
Bxh2 21. Rad1 Rf7 22. Ke2 Be5 23. Nb5 Bxb2 24. Rb1 Be5 25. Nxa7 Rgf6 26. Rb3 Bb8
27. Nb5 e5 28. Nc3 Rxf3 29. Nxd5 Rxf2+ 30. Ke3 Rxc2 31. Reb1 Rc5 32. Rxb7 Ba7
33. Rxf7 Kxf7 34. Ke4 Ke6 35. Ne3 Rc3 36. Nd5 Rc4+ 37. Kd3 Rd4+ 38. Kc3 Rxd5 39.
Rb7 Rd7 40. Rb5 Bd4+ 41. Kc2 h5 42. a4 h4 43. a5 Rc7+ 44. Kd2 h3 45. a6 h2 46.
Rb1 g5 47. Ke2 g4 48. Rh1 Rc2+ 49. Kd3 Ra2 50. Ke4 g3 51. Kf3 Bf2 52. Kg2 Rxa6
53. Kf3 Ra2 54. Kg2 Re2 55. Kf3 Re1 56. Kg2 Rxh1 57. Kxh1 e4 58. Kg2 e3 59. Kh1
e2 60. Kg2 e1=Q 61. Kh3 Qf1+ 62. Kg4 g2 0-1

[Event "Women's Speed Chess Q4"]
[Site "chess.com INT"]
[Date "2020.06.21"]
[Round "8"]
[White "Starosta, Martyna"]
[Black "Vidruska, Renate"]
[Result "1-0"]
[WhiteTitle "WCM"]
[BlackTitle "WFM"]
[WhiteElo "2079"]
[BlackElo "2045"]
[WhiteFideId "21818754"]
[BlackFideId "11601841"]
[EventDate "2020.06.21"]

1. e4 e5 2. Nf3 Nf6 3. Nxe5 d6 4. Nf3 Nxe4 5. Nc3 Nxc3 6. dxc3 Be7 7. Bd3 Nd7 8.
Be3 Ne5 9. Qd2 Nxf3+ 10. gxf3 Be6 11. a3 a6 12. O-O-O Qd7 13. Rhg1 Bf6 14. Qe2
Qa4 15. Bd4 Bxd4 16. cxd4 O-O-O 17. d5 Qf4+ 18. Qe3 Qxe3+ 19. fxe3 Bxd5 20. e4
Be6 21. Rxg7 Rdg8 22. Rdg1 Rxg7 23. Rxg7 Kd8 24. f4 Ke7 25. f5 Kf6 26. Rg3 Bd7
27. h4 Bc6 28. h5 h6 29. Kd2 Rh7 30. Rg8 Rg7 31. Rc8 Ke5 32. Rxc7 Rg2+ 33. Kc3
Rg7 34. Re7+ Kf6 35. Rc7 Ke5 36. Bc4 Bxe4 37. Rxf7 Rxf7 38. Bxf7 Bxf5 39. b4 Kf6
40. Bd5 Kg5 41. Bxb7 Kxh5 42. Bxa6 Kg5 43. Bb7 Be6 44. a4 h5 45. a5 d5 46. Kd4
h4 47. a6 h3 48. a7 h2 49. a8=Q h1=Q 50. Qf8 Bf5 51. Qg7+ Kf4 52. Qe5+ Kg5 53.
Qg3+ Kf6 54. Qe5+ Kg5 55. Qxd5 Qd1+ 56. Kc5 Qxc2+ 57. Kd6 Qh2+ 58. Qe5 Qh6+ 59.
Kc7 Qf8 60. b5 Qf7+ 61. Kb6 Qc4 62. Ka7 Kg4 63. b6 Qa4+ 64. Kb8 Qd7 65. Ka7 Qa4+
66. Ba6 Qd7+ 67. b7 Kg5 68. Ka8 Qc6 69. Qe7+ Kg4 70. Qb4+ Kg5 71. Qc4 Qb6 72.
b8=Q Be4+ 73. Bb7 Qa6+ 74. Qa7 Qxb7+ 75. Qxb7 Bxb7+ 76. Kxb7 1-0

[Event "Women's Speed Chess Q4"]
[Site "chess.com INT"]
[Date "2020.06.21"]
[Round "8"]
[White "Socko, Monika"]
[Black "Filippova, Margarita"]
[Result "0-1"]
[WhiteTitle "GM"]
[BlackTitle "WFM"]
[WhiteElo "2428"]
[BlackElo "1931"]
[WhiteFideId "1106619"]
[BlackFideId "34199680"]
[EventDate "2020.06.21"]

1. d4 Nf6 2. c4 e6 3. Nc3 d5 4. Nf3 c6 5. cxd5 exd5 6. Bg5 Be7 7. Qc2 O-O 8. e3
Ne4 9. Bxe7 Qxe7 10. Nxe4 dxe4 11. Nd2 Bf5 12. Be2 Nd7 13. O-O Nf6 14. Rae1 Nd5
15. a3 Rac8 16. Bc4 Bg6 17. Qb3 Rfd8 18. f3 exf3 19. Nxf3 b5 20. Bxd5 Rxd5 21.
Ne5 Qe6 22. Rc1 Rxe5 23. Qb4 Rxe3 24. Qc5 Re2 25. d5 Qe3+ 26. Qxe3 Rxe3 27. Rxc6
Rd8 28. Rfc1 f6 29. Rc8 Ree8 30. R8c7 Rxd5 31. Rxa7 Rd2 32. h4 Rxb2 33. Rcc7
Ree2 34. Rc8+ Be8 35. Kf1 Kf8 36. Raa8 Re4 37. h5 b4 38. axb4 Rbxb4 39. h6 gxh6
40. Rc6 Kf7 41. Rc7+ Kg6 42. Raa7 Rb1+ 43. Kf2 Rf4+ 44. Kg3 Kg5 45. Rg7+ Kf5 46.
Rxh7 Rb3+ 47. Kh2 Rh4+ 48. Kg1 Rb1+ 49. Kf2 Rb2+ 50. Ke3 Re4+ 51. Kf3 Bc6 52.
Rhc7 Re7+ 53. Kg3 Rxc7 54. Rxc7 Be4 55. Rc5+ Kg6 56. Kh4 Rxg2 57. Rc8 Rb2 58.
Rg8+ Kh7 59. Rf8 f5 60. Rf7+ Kg6 61. Re7 Rb4 62. Kg3 Bb1 63. Re6+ Kg7 64. Rd6
f4+ 65. Kg4 Ba2 66. Ra6 Bc4 67. Rd6 Be2+ 68. Kf5 Rb5+ 69. Kxf4 Rb4+ 70. Kf5 Rb5+
71. Kf4 h5 72. Rd7+ Kf6 73. Rd6+ Ke7 74. Rd4 Bg4 75. Ra4 Rb3 76. Ra7+ Kd6 77.
Ra6+ Kc5 78. Ra5+ Kd4 0-1

[Event "Women's Speed Chess Q4"]
[Site "chess.com INT"]
[Date "2020.06.21"]
[Round "8"]
[White "Shafigullina, Zarina"]
[Black "Maltsevskaya, Aleksandra"]
[Result "0-1"]
[WhiteTitle "WFM"]
[BlackTitle "WGM"]
[WhiteElo "2296"]
[BlackElo "2272"]
[WhiteFideId "24174220"]
[BlackFideId "24174041"]
[EventDate "2020.06.21"]

1. d4 Nf6 2. Nf3 b6 3. g3 Bb7 4. Bg2 g6 5. O-O Bg7 6. c4 O-O 7. Nc3 Ne4 8. Bd2
Nxc3 9. Bxc3 d5 10. Nd2 c6 11. Rc1 Nd7 12. cxd5 cxd5 13. Qb3 Nf6 14. Rfe1 Ne4
15. Nxe4 dxe4 16. e3 Bd5 17. Qc2 f5 18. b3 Qd6 19. Qd2 a5 20. Bf1 g5 21. Bc4
Rac8 22. Bb2 e6 23. Bxd5 Qxd5 24. Rxc8 Rxc8 25. Rc1 Rf8 26. Qc2 f4 27. g4 h5 28.
h3 fxe3 29. fxe3 Rf3 30. Qc8+ Kh7 31. Qe8 Rxh3 32. Kg2 Rh4 33. gxh5 Rg4+ 34. Kh3
Rh4+ 35. Kg2 Qf5 36. Qg6+ Qxg6 37. hxg6+ Kxg6 38. Rc6 Kf5 39. Rxb6 Bf8 40. Rb5+
Kg6 41. Rxa5 Bd6 42. Bc3 Rh2+ 43. Kg1 Rc2 44. Be1 Rc1 45. Kf2 Rxe1 46. Ra6 Bb4
47. Rxe6+ Kh5 48. Rxe4 Ra1 49. a4 Rb1 50. d5 Rxb3 51. Rd4 Bc5 52. Re4 Rd3 53.
Re5 Bd6 54. Rf5 Kg6 55. Rf3 Rxd5 56. e4 Bc5+ 57. Kg3 Rd4 58. Rc3 Bd6+ 59. Kf3
Rxa4 60. Rc6 g4+ 61. Kxg4 Rxe4+ 62. Kf3 Rd4 63. Ke3 Rd1 64. Ke2 Rd5 65. Kf3 Kf5
66. Ra6 Rd3+ 67. Ke2 Rd5 68. Kf3 Bc5 69. Ra8 Rd3+ 70. Ke2 Rc3 71. Re8 Bd4 72.
Re7 Be5 73. Re8 Ke4 74. Rg8 Rb3 75. Kd2 Rb2+ 76. Kc1 Rh2 77. Re8 Kd4 78. Rd8+
Kc4 79. Rc8+ Kd3 80. Rd8+ Bd4 81. Kb1 Rb2+ 82. Kc1 Ra2 0-1